روم و مصر و شام / (Record no. 614166)

000 -LEADER
fixed length control field 00597nam a22001817a 4500
020 ## - INTERNATIONAL STANDARD BOOK NUMBER
International Standard Book Number 9693525655
082 ## - DEWEY DECIMAL CLASSIFICATION NUMBER
Classification number 956.91
Author Mark NAU
100 ## - MAIN ENTRY--PERSONAL NAME
Personal name Nomani, Shibli
245 ## - TITLE STATEMENT
Title روم و مصر و شام /
Statement of responsibility, etc. Shibli Nomani
260 ## - PUBLICATION, DISTRIBUTION, ETC.
Place of publication, distribution, etc. لاہور ;
Name of publisher, distributor, etc. sung e mill,
Date of publication, distribution, etc. 2012.
300 ## - PHYSICAL DESCRIPTION
Extent 160p. :
Dimensions 29cm.
563 ## - BINDING INFORMATION
Binding note HB
650 ## - SUBJECT ADDED ENTRY--TOPICAL TERM
Topical term or geographic name entry element سفرنامے — اسلامی دنیا
880 ## - ALTERNATE GRAPHIC REPRESENTATION
Linkage 100-01\(3\r
Title شبلی نعمانی
880 ## - ALTERNATE GRAPHIC REPRESENTATION
Linkage 245-02\(3r
Title روم و مصر و شام /
b شبلی نعمانی
880 ## - ALTERNATE GRAPHIC REPRESENTATION
Linkage 260-03\(3r
Title لاہور ;
b سنگِ میل,
c 2012
942 ## - ADDED ENTRY ELEMENTS (KOHA)
Source of classification or shelving scheme
Koha item type Book
650 ## - SUBJECT ADDED ENTRY--TOPICAL TERM
-- 129525
Holdings
Withdrawn status Lost status Source of classification or shelving scheme Damaged status Not for loan Permanent Location Current Location Date acquired Total Checkouts Full call number Barcode Date last seen Price effective from Koha item type
          Central Library (CL) Central Library (CL) 07/09/2025   956.91 NAU CL-D-2835 07/09/2025 07/09/2025 Book
© 2023 Central Library, National University of Sciences and Technology. All Rights Reserved.